| 000 | 00404nam a2200193Ia 4500 | ||
|---|---|---|---|
| 008 | 210210b1925 xxu||||| |||| 00| 0 eng d | ||
| 041 | _aeng | ||
| 082 | _a886/79 | ||
| 100 | _aWILSON (Ech Ech) Ed | ||
| 245 | _aRig vEda Vol I | ||
| 260 |
_aPUna _b- _c1925 |
||
| 440 | _a1 | ||
| 650 | _aVol | ||
| 650 | _avEda | ||
| 650 | _aRig | ||
| 650 | _aI | ||
| 690 | _aSanskrit Criticism | ||
| 906 | _a024584 | ||
| 999 |
_c150121 _d150121 |
||